000
00258nam a22001097a 4500
008
170120b xxu||||| |||| 00| 0 eng d
020
_a
2900323057201
041
_a
eng
080
_2
4TH
_a
618.2
245
_a
MATERNAL CHILD NURSING CARE
_c
PERRY
942
_2
udc
_c
BK
999
_c
3324
_d
3324